000
00284nam a2200121Ia 4500
005
20251222143230.0
008
251222s9999||||xx |||||||||||||| ||spa||
082
_a
282/S36
100
_a
Segundo, Juan Luis
245
0
_a
Iglesia Latinoamericana:
264
_b
Búsqueda
942
_c
LIB
999
_c
14165
_d
14165